| 000 | 00454nam a22001937a 4500 | ||
|---|---|---|---|
| 003 | MPLRDC | ||
| 005 | 20220104113830.0 | ||
| 008 | 210129b ||||| |||| 00| 0 eng d | ||
| 020 | _a957-607-057-0 | ||
| 082 | _a848.2 LYT-2 | ||
| 100 | _a龙应台 | ||
| 245 |
_a写给台湾的信 _c |
||
| 250 | _a八刷 | ||
| 260 |
_a _b圆神出版社 _c1992 |
||
| 300 | _b平 | ||
| 490 | _a圆神丛书;119 | ||
| 650 | _a现代别集 | ||
| 942 |
_cBK _o848.2 LYT-2 |
||
| 999 |
_c2704 _d2694 |
||